Vers une civilisation du loisir?

Сохранить в:
Библиографические подробности
Главный автор: Dumazedier, Joffre
Формат:
Язык:Undetermined
Опубликовано: Paris Éditions du Seuil 1962
Предметы:
Метки: Добавить метку
Нет меток, Требуется 1-ая метка записи!
Thư viện lưu trữ: Trung tâm Học liệu Trường Đại học Cần Thơ
LEADER 00476nam a2200181Ia 4500
001 CTU_91156
008 210402s9999 xx 000 0 und d
082 |a 306.4812 
082 |b D886 
100 |a Dumazedier, Joffre 
245 0 |a Vers une civilisation du loisir? 
245 0 |c Joffre Dumazedier 
260 |a Paris 
260 |b Éditions du Seuil 
260 |c 1962 
650 |a Leisure 
904 |i Bằng 
980 |a Trung tâm Học liệu Trường Đại học Cần Thơ